000 00671 a2200217 4500
010 _aENG-88638
020 _c650.00
_a8183188604
035 _aEN-72171
037 _bDBAD / PUB
082 1 4 _a658.4
090 _c9088
_d9088
100 _aMachiraju, H. R.
245 1 _aCorporate governance
_cby H. R. Machiraju
250 _a2nd ed.
260 _aMumbai
_bHimalaya Publishing House
_c2007
270 _a"Ramdoot", Dr. Bhalerao Marg, Girgoan
_bMumbai
_e400 004.
300 _a146 p.
_c25cm (Hb)
500 _aIncludes Index
942 _adpl
_cEN
_k658.4 / MAC
999 _c8924
_d8924